00447nam a2200121Ia 4500008004100000100002200041245006300063245008000126260004900206260000900255650001300264856004800277170221s9999 xx 000 0 und d aPromise Zvavahera 4aThe effect of merging of government ministries in Zimbabwe cPromise Zvavahera, National University of Science and Technology, Zimbabwe. bJournal of Management and Marketing Research c2011 xBusiness uhttp://www.aabri.com/manuscripts/141951.pdf